header

Microsoft Office PerformancePoint Server 2007 (Record no. 149861)

MARC details
000 -LEADER
fixed length control field 01286nam a2200325Ia 4500
082 04 - DEWEY DECIMAL CLASSIFICATION NUMBER
Classification number 658.500285/55
245 00 - TITLE STATEMENT
Title Microsoft Office PerformancePoint Server 2007
260 ## - PUBLICATION, DISTRIBUTION, ETC. (IMPRINT)
Place of publication Indianapolis, IN :
Name of publisher Wiley Pub.,
Year of publication c2008.
300 ## - PHYSICAL DESCRIPTION
Number of Pages xxxiii, 417 p. :
Other physical details ill.
650 #0 - SUBJECT ADDED ENTRY--TOPICAL TERM
Topical Term Business
Topical Term Performance
700 1# - ADDED ENTRY--PERSONAL NAME
Personal name Andersen, Elaine,
856 40 - ELECTRONIC LOCATION AND ACCESS
Uniform Resource Identifier http://site.ebrary.com/lib/rucke/Doc?id=10250309

No items available.

© 2026 Rongo University
Contact us: librarian | system librarian | Rongo university